000 00573nam a2200157 a 4500
001 000039421
005 20201002031637.0
008 130626s1966 ag 000 0 spa d
040 _aDO-SdBNP
_bspa
_cBNPHU
100 1 _aFurtado, Celso
_947241
245 1 0 _aSubdesarrollo y estancamiento en América Latina /
_cCelso Furtado ; traductor Samira Chuahy.
260 _aArgentina :
_bEditorial Universitaria de Buenos Aires,
_c1966.
300 _a135 p. ;
_c19 cm.
500 _aIncluye datos biográficos del autor en la contracubierta
700 1 _aChuahy, Samira,
_etrad.
_965618
999 _c38911
_d38911